000 01122nam a22002897a 4500
001 BR7604578
003 BR-BrBNA
005 20230928085121.0
007 ta
008 230509b bl.||||| |||| 00| 0 por d
040 _aBR-BrBNA
_bpor
_cBiblioteca Nacional de Agricultura
041 _a(Eng)
072 _aE14; U10
_b/G514
090 _ E14 BR7604578
100 1 _aGutierrez, J.S.
110 1 _aSubsecretaria de Planejamento e Orcamento, Brasilia, DF (Brasil). Escritorio de Estatistica
_99994
245 1 _aThe method of relatives and distributional technique in agricultural projections. 1. Some theoretical considerations on the use of relatives for crop forecasting. 2. On the use of relatives in agricultural projections 3. A note on the use of the distributional technique in agricultural projection [Brasil]
260 3 _aBrasilia, DF (Brasil):
_c1976.
300 _a35 p.
500 _a11 tables
650 _aPLANEJAMENTO AGRICOLA
650 _aPROJETO DE DESENVOLVIMENTO
650 _aESTATISTICA AGRICOLA
650 _aMODELO MATEMATICO
909 _a202309
_bLucia
_c55
_dLucia Elande
942 _cBK
999 _c22878
_d22878